Chemical elements with a double vowel - Statistics

General Stats
  • This quiz has been taken 22 times
  • The average score is 6 of 12
Answer Stats
No. Answer % Correct
10 Neon
74%
9 Fluorine
68%
82 Lead
68%
99 Einsteinium
63%
53 Iodine
58%
41 Niobium
47%
63 Europium
37%
109 Meitnerium
32%
60 Neodymium
32%
59 Praseodymium
32%
111 Roentgenium
32%
106 Seaborgium
32%
No matching quizzes found
Score Distribution
Percent of People with Each Score
Percentile by Number Answered
Your Score History
You have not taken this quiz